• 首页
  • 本馆介绍
  • 公告通知
  • 最新文献
  • 馆藏检索
  • 电子资源
  • 读者导购
  • 参考咨询
  • 我的图书馆
  • 登录
  • 详细信息显示
  • 放入我的书架
  • 预约/预借图书
  • 作者相关作品
  • 分类相关作品
  • 丛书相关作品
  • 出版社相关作品

书目信息

  • 表格格式
  • 工作单格式
  • 卡片格式
题名:
劳动保护工作问答
    
 
作者: 王玉臣 , 赵玉峰 编
分册:  
出版信息: 北京   工人出版社  1984
页数: 315页
开本: 19cm
丛书名:
单 册:
中图分类: F243.6
科图分类:
主题词: 劳动经济
电子资源:
ISBN:
000 00673nam0 2200253 45
001 0184016966
005 20040428145526.0
010    @dCNY1.00
091    @a3007.450
100    @a19951011d1984 em y0chiy0121 ea
101 0  @achi
102    @aCN@b110000
105    @ay z 000yy
106    @ar
200 10 @a劳动保护工作问答@Alao dong bao hu gong zuo wen da@f王玉臣,赵玉峰编
210    @a北京@c工人出版社@d1984
215    @a315页@d19cm
606 0  @a劳动经济
690    @aF243.6
701  0 @a王玉臣@Awang yu chen@4编
701  0 @a赵玉峰@Azhao yu feng@4编
801  0 @aCN@b深圳图书馆@c20040428
801  2 @aCN@bNLC@c20040428
905    @f2@b168734-735@dF243.6@e14
    
    劳动保护工作问答/王玉臣,赵玉峰编.-北京:工人出版社,1984
    315页;19cm
    
    
    ISBN :CNY1.00
    
●
相关链接 在E读中查询图书 在五车中查询图书 在当当中查询图书 在豆瓣中查询图书


正题名:劳动保护工作问答     索取号:F243.6/14         预约/预借

序号 登录号 条形码 馆藏地/架位号 状态 备注
1 0168734   000209385   第一借阅区/ [索取号:F243.6/14] 在馆    
2 0168735   000209465   第一借阅区/ [索取号:F243.6/14] 在馆    
3 0168736   000209429   第一样本阅览室/ [索取号:F243.6/14] 在馆    
唐山师范学院图书馆 欢迎您!
大连网信软件有限公司© 版权所有